00396nam a2200121Ia 4500082001200000100001600012245009700028260002800125300001000153650006000163650003500223710001600258 aTS.0868 aSarda, A.N. 0aAnalytical study of the working and management of Bombay Stock Exchange (1982-83 to 1992-93) c1995bNagpur University a351p. aSTOCK EXCHANGES- MAHARASHTRA - BOMBAY - 1982/83-1992/93 aSTOCK MARKET//STOCK EXCHANGES  aDixit, K.R.